000 00544nam a2200205Ia 4500
005 20250326140552.0
008 250326s9999 xx 000 0 und d
020 _a81-203-1609-6
037 _aTextbook
040 _aFMSL
_beng
_cFMSL
041 _aeng
_2eng
084 _aX:510t8 P0;1
_qFMSL
100 _aKotler P
245 0 _aMarketing management
_cKotler P
250 _a10
260 _aNew Delhi
_bNew Delhi, Prentice-Hall
_c2000
300 _axxxi, 880
942 _cTB
_hX:510t8 P0;1
999 _c1286351
_d1286351